1273 1608 1456 1504 1547 1766 1102 1027 1895 1415 1545 1766 1878 1113 1335 1009 1166 1186 1923 1174 1786 1052 1222 1085 1456 1592 1849 1196 1517 1056 1783 1460 1684 1570 1338 1075 1684 1011 1209 1022 1598 1667 1972 1173 1173 1341 1295 1904 1449 1585 1217 1910 1790 1807 1019 1664 1444 1063 1193 1905 1466 1322 1048 1740 1699 1283 1987 1816 1115 1775 1451 1752 1769 1311 1052 1329 1462 1279 1877 1007 1344 1490 1484 1107 1929 1734 1320 1275 1300 1051 1802 1871 1032 1775 1168 1483 1072 1843 1280 BCNSPRNW ULIB Ver.6.0+V

เปลี่ยนเป็นภาษาไทย

Change to English
 แสดงรายละเอียดบรรณานุกรม
  กลับหน้าหลัก

Brief Record : Get Marc (ISO 2709) : E-mail record : QR code < ปิดหน้าต่าง
LEADER : 00000nam 2200000uu 4500
001    13399107973
003     ULIB
008    110211s2548||||th 000 0 tha d
020    9742931879 (ล.1)
060 04 WY157^bก496ก ล.1 2548
110 1  กระทรวงสาธารณสุข. ^bสถาบันพระบรมราชชนก.^bโครงการสวัสดิการวิชาการ
245 00 การพยาบาลสูติศาสตร์ เล่ม1 /^cบรรณาธิการ, วรรณรัตน์ จงเจริญยานนท์
250    พิมพ์ครั้งที่ 2
260    นนทบุรี :^bโครงการสวัสดิการวิชาการ สถาบันพระบรมราชชนกกระทรวงสาธารณสุข,^c2548
300     323 หน้า:^bภาพประกอบ ;^c26 ซม.
650  7 การพยาบาลสูติศาสตร์
700 0  วรรณรัตน์ จงเจริญยานนท์,^eบรรณาธิการ
710 2  กระทรวงสาธารณสุข. ^bสถาบันพระบรมราชชนก.^bโครงการสวัสดิการวิชาการ
945    ^p150^l0^i018724
945    ^p150^l0^i018723
995    ทศพร
999 ^a ใช้งานได้ทุกระบบ
รายการนี้ยังไม่มีแท็ก
คุณยังไม่ได้ล็อกอิน คุณสามารถมีกิจกรรมร่วมกับเว็บไซต์ได้ แต่ต้องล็อกอินก่อน ::
  ล็อกอิน

รายการสื่อสารสนเทศ

ลำดับที่ ประเภท เลขเรียก/บาร์โค้ด สถานที่ สถานะ
- ไม่พบข้อมูล -

รายการใกล้เคียง
    หัวเรื่อง [การพยาบาลสูติศาสตร์]

BibComment


ยังไม่เคยถูกคอมเมนท์

คอมเมนท์ทรัพยากรรายการนี้
  คอมเมนท์: การพยาบาลสูติศาสต..


 Copyright 2026. Bcnsprnw @Library